Every Blur song quiz. - Statistics

General Stats
  • This quiz has been taken 41 times
  • The average score is 68 of 121
Answer Stats
Album Songs % Correct
13 Mellow Song
93%
Think Tank Good Song
90%
Blur Song 2
90%
13 Swamp Song
90%
Think Tank Sweet Song
90%
Parklife Girls and Boys
87%
13 Tender
87%
13 Coffee and TV
83%
The Great Escape Country House
83%
Blur Movin' On
83%
Parklife Parklife
83%
Leisure She's So High
83%
The Great Escape The Universal
83%
Think Tank We've Got a File on You
83%
Blur Beetlebum
80%
The Great Escape It Could Be You
80%
Parklife To The End
80%
Parklife Tracy Jacks
80%
The Great Escape Charmless Man
77%
Parklife Far Out
77%
Modern Life is Rubbish For Tomorrow
77%
Leisure There's No Other Way
77%
Leisure Sing
73%
Under the Westway Under the Westway
73%
Leisure Bang
70%
Parklife End of a Century
70%
Blur M.O.R.
70%
13 No Distance Left to Run
70%
The Ballad of Darren The Narcissist
70%
13 Trimm Trabb
70%
Parklife Badhead
67%
Modern Life is Rubbish Chemical World
67%
Modern Life is Rubbish Colin Zeal
67%
Think Tank Crazy Beat
67%
Blur Essex Dogs
67%
The Magic Whip Go Out
67%
Modern Life is Rubbish Oily Water
67%
The Magic Whip Ong Ong
67%
The Ballad of Darren St Charles Square
67%
The Great Escape Stereotypes
67%
Blur Strange News from Another Star
67%
Parklife This is a Low
67%
Blur You're so Great
67%
Parklife Bank Holiday
63%
13 Bugman
63%
13 Caramel
63%
Think Tank Out of Time
63%
Modern Life is Rubbish Sunday Sunday
63%
Modern Life is Rubbish Villa Rosie
63%
The Great Escape Yuko and Hiro
63%
13 1992
60%
Modern Life is Rubbish Advert
60%
The Great Escape Best Days
60%
Leisure Birthday
60%
13 B.L.U.R.E.M.I
60%
The Great Escape Entertain Me
60%
Parklife Lot 105
60%
Modern Life is Rubbish Star Shaped
60%
The Magic Whip Ice Cream Man
57%
Blur Look Inside America
57%
Parklife Magic America
57%
Think Tank Ambulance
53%
Parklife Clover Over Dover
53%
Parklife London Loves
53%
Modern Life is Rubbish Miss America
53%
The Great Escape Mr Robinson's Quango
53%
13 Optigan 1
53%
Modern Life is Rubbish Pressure on Julian
53%
Leisure Slow Down
53%
Parklife Trouble in the Message Centre
53%
Modern Life is Rubbish Blue Jeans
50%
The Great Escape Dan Abnormal
50%
Blur Death of a Party
50%
The Great Escape He Thought Of Cars
50%
Blur On Your Own
50%
Modern Life is Rubbish Resigned
50%
Parklife The Debt Collector
50%
The Great Escape Top Man
50%
13 Trailerpark
50%
Modern Life is Rubbish Turn it Up
50%
Blur Chinese Bombs
47%
Modern Life is Rubbish Coping
47%
Blur Country Sad Ballad Man
47%
The Great Escape Fade Away
47%
The Magic Whip Ghost Ship
47%
Leisure High Cool
47%
Leisure Bad Day
43%
The Ballad of Darren Ballad
43%
The Ballad of Darren Barbaric
43%
Think Tank Battery in Your Leg
43%
Leisure Fool
43%
Blur I'm Just a Killer for Your Love
43%
Parklife Jubilee
43%
The Magic Whip Lonesome Street
43%
The Ballad of Darren Russian Strings
43%
Leisure Come Together
40%
The Great Escape Ernold Same
40%
The Ballad of Darren Goodbye Albert
40%
The Magic Whip My Terracotta Heart
40%
Under the Westway The Puritan
40%
Leisure Wear Me Down
40%
13 Battle
37%
The Magic Whip Pyongyang
37%
Leisure Repetition
37%
Think Tank Caravan
33%
The Magic Whip I Broadcast
33%
Blur Theme From Retro
33%
The Magic Whip There Are Too Many of Us
33%
The Ballad of Darren Avalon
30%
Think Tank Brothers and Sisters
30%
Think Tank Jets
30%
The Magic Whip Mirrorball
30%
The Ballad of Darren The Heights
30%
Think Tank Gene By Gene
27%
Think Tank Moroccan Peoples Revolutionary Bowls Club
27%
The Magic Whip Thought I Was a Spaceman
27%
The Ballad of Darren Far Away Island
23%
Think Tank Me, White Noise
23%
The Magic Whip New World Towers
20%
The Ballad of Darren The Everglades (For Leonard)
17%
Think Tank On the Way to the Club
13%
No matching quizzes found
Score Distribution
Percent of People with Each Score
Percentile by Number Answered
Your Score History
You have not taken this quiz